Hard targets set new challenge | Corporate Killers (Record no. 65272)
[ view plain ]
| 000 -LEADER | |
|---|---|
| fixed length control field | 01404cam a2200265 4500 |
| 001 - CONTROL NUMBER | |
| control field | ABS63158 |
| 008 - FIXED-LENGTH DATA ELEMENTS--GENERAL INFORMATION | |
| fixed length control field | 000000n2000 000 0 eng u |
| 035 ## - SYSTEM CONTROL NUMBER | |
| System control number | (Sirsi) u109351 |
| 100 ## - MAIN ENTRY--PERSONAL NAME | |
| Personal name | Santry, C |
| 245 ## - TITLE STATEMENT | |
| Title | Hard targets set new challenge |
| 245 ## - TITLE STATEMENT | |
| Title | Corporate Killers |
| 260 ## - PUBLICATION, DISTRIBUTION, ETC. | |
| Date of publication, distribution, etc. | 2000 |
| 490 ## - SERIES STATEMENT | |
| Series statement | Mining Quarrying and Recycling |
| Volume/sequential designation | 29(9) November 2000, 23-26(4) |
| 520 ## - SUMMARY, ETC. | |
| Summary, etc. | In response to the government's "Revitalising health & safety strategy", the quarrying industry has embarked on its own "Hard Targets" initiative, designed to cut the number of quarrying injuries and fatalities by half over the next four years. The Hard Targets programme concentrates on five key issues: mobile plant, behavioural safety, the Contractors Safety Passport Scheme, guarding and occupational health. To promote the health and safety message across the industry, the QPA plans to publish details of these five areas in a leaflet for quarry workers. Article also discusses the the concept of risk management, in the light of government proposals on corporate killing and revitalising health and safety. |
| 590 ## - LOCAL NOTE (RLIN) | |
| Local note | ABS |
| 650 ## - SUBJECT ADDED ENTRY--TOPICAL TERM | |
| Topical term or geographic name entry element | QUARRYING |
| 650 ## - SUBJECT ADDED ENTRY--TOPICAL TERM | |
| Topical term or geographic name entry element | SITE SAFETY |
| 650 ## - SUBJECT ADDED ENTRY--TOPICAL TERM | |
| Topical term or geographic name entry element | INJURIES |
| 650 ## - SUBJECT ADDED ENTRY--TOPICAL TERM | |
| Topical term or geographic name entry element | HARD TARGETS INITIATIVE |
| 650 ## - SUBJECT ADDED ENTRY--TOPICAL TERM | |
| Topical term or geographic name entry element | HEALTH AND SAFETY EXECUTIVE |
| 650 ## - SUBJECT ADDED ENTRY--TOPICAL TERM | |
| Topical term or geographic name entry element | RISK MANAGEMENT |
| 690 ## - LOCAL SUBJECT ADDED ENTRY--TOPICAL TERM (OCLC, RLIN) | |
| Topical term or geographic name as entry element | Health and safety |
| 9 (RLIN) | 6244 |
| 700 ## - ADDED ENTRY--PERSONAL NAME | |
| Personal name | McPherson, L |
| 942 ## - ADDED ENTRY ELEMENTS (KOHA) | |
| Suppress in OPAC | 0 |
| Withdrawn status | Lost status | Source of classification or shelving scheme | Damaged status | Not for loan | Home library | Current library | Shelving location | Date acquired | Total Checkouts | Full call number | Barcode | Date last seen | Copy number | Price effective from | Koha item type |
|---|---|---|---|---|---|---|---|---|---|---|---|---|---|---|---|
| Dewey Decimal Classification | London | London | Journal article | 15/11/2000 | ABS63158 | 109351-1001 | 06/08/2019 | 1 | 06/08/2019 | Journal article |